| 000 | 00460nam a22001817a 4500 | ||
|---|---|---|---|
| 003 | CEME | ||
| 005 | 20210628203653.0 | ||
| 008 | 210317b xxu||||| |||| 00| 0 eng d | ||
| 020 | _a0-408-02309-0 | ||
| 040 | _c. | ||
| 082 | _a620.1054 GOR'A | ||
| 100 |
_aKennedy, W, Gorman, D. G _966777 |
||
| 245 | _aApplied solid dynamics | ||
| 260 |
_aLONDON _bBUTTERWORTH _c1988 |
||
| 300 | _a251P | ||
| 650 |
_aDYNAMICS MACHINERY DYNAMICS _966778 |
||
| 942 |
_cBK _2ddc |
||
| 999 |
_c574682 _d574682 |
||